It looks like you're offline.
Open Library logo
additional options menu

MARC record from Internet Archive

LEADER: 02756cam 2200565Ia 4500
001 ocn468976645
003 OCoLC
005 20220202164541.0
008 100518r20101981nyu 000 1 eng d
040 $aBTCTA$beng$cBTCTA$dYDXCP$dBWX$dORX$dIEP$dOCLCQ$dBDX$dLAP$dAU@$dOCLCF$dOCLCQ$dOCLCO$dOCLCQ$dCNWLU$dQE2$dSFR$dMXB$dOCLCQ$dOCLCA$dUOK$dNTG$dOCL$dNZAUC$dOCLCO$dZQP$dMQS
019 $a624173740$a861276067
020 $a9780765326676$q(pbk.)
020 $a0765326671$q(pbk.)
020 $a0708823157$q(pbk.)
020 $a9780708823156$q(pbk.)
035 $a(OCoLC)468976645$z(OCoLC)624173740$z(OCoLC)861276067
050 14 $aPS3564.I9$bD7 2010
055 3 $aPS3564.I94$bD7 2010
082 04 $a813/.54$222
100 1 $aNiven, Larry.
245 10 $aDream Park /$cLarry Niven and Steven Barnes.
250 $a1st Tor trade pbk. ed.
260 $aNew York :$bTor,$c2010, ©1981.
300 $a319 pages ;$c24 cm
336 $atext$btxt$2rdacontent
337 $aunmediated$bn$2rdamedia
338 $avolume$bnc$2rdacarrier
500 $aOriginally published: Huntington Woods, Mich. : Phantasia Press, 1981.
500 $a"A Tom Doherty Associates book."
520 $aA gaming park where visitors come to have their fantasies fulfilled turns into a nightmare when a game turns to murder.
505 0 $tArrivals --$tA stroll through old Los Angeles --$tLore master --$tMaster dreamers --$tNaming of names --$tFlight of fancy --$tRoad of the cargo --$tBanquet --$tKilled out --$tNeutral scent --$tGame plan --$tOverview --$tEnter the griffin --$tWater people --$tRite of horrific splendor --$tRest break --$tLast replacements --$tSnakebite cure --$tNeck riddles --$tSea of lost ships --$tHaiavaha --$tElectric pizza mystery --$tBlack fire -- Ambush --$tEgg of the airplane --$tLaughing dead --$tCargo craft --$tThieves in the night --$tEnd game --$tFinal tally --$tDepartures.
650 0 $aDream Park (Imaginary place)$vFiction.
650 0 $aAmusement parks$vFiction.
650 7 $aAmusement parks.$2fast$0(OCoLC)fst00808076
650 7 $aDream Park (Imaginary place)$2fast$0(OCoLC)fst00897885
655 7 $aScience fiction.$2fast$0(OCoLC)fst01726489
655 7 $aFiction.$2fast$0(OCoLC)fst01423787
655 7 $aScience fiction.$2lcgft
655 7 $aScience fiction.$2gsafd
655 4 $aScience fiction.
700 1 $aBarnes, Steven,$d1952-
938 $aBrodart$bBROD$n10770445$c$15.99
938 $aBaker and Taylor$bBTCP$nBK0008674862
938 $aYBP Library Services$bYANK$n3190484
938 $aBlackwell Book Service$bBBUS$nR6843108$c$14.99
029 1 $aAU@$b000045753483
029 1 $aAU@$b000052064738
029 1 $aNZ1$b13311332
994 $aZ0$bP4A
948 $hNO HOLDINGS IN P4A - 107 OTHER HOLDINGS